| 000 | 00793nam a2200265 a 4500 | ||
|---|---|---|---|
| 008 | |||
| 020 | _a043490175X (pbk.) | ||
| 049 | _aMAIN | ||
| 090 |
_aPN4784 _bBOY |
||
| 100 | 1 | _aBoyd, Andrew. | |
| 245 | 1 | 0 |
_aBroadcast journalism : _btechniques of radio and TV news / _cAndrew Boyd. |
| 260 |
_aOxford : _bHeinemann, _c1988. |
||
| 300 |
_axvi, 380 p. : _bill. ; _c25 cm. |
||
| 440 | 0 | _aJournalism media manual. | |
| 500 | _aIncludes index. | ||
| 504 | _aIncludes bibliographical references. | ||
| 650 | 0 |
_aBroadcast journalism _zGreat Britain. |
|
| 653 | 0 | _aNews programmes. | |
| 653 | 0 | _aGreat Britain. | |
| 907 |
_a.b10241334 _b11-10-13 _c27-04-07 |
||
| 003 | |||
| 005 | 20230123134433.0 | ||
| 040 | _cNUST | ||
| 942 |
_cBOOKS _kPN4784 _mBOY |
||
| 999 |
_c165907 _d165907 |
||